Sellos, Fotografías y Documentación notarial

Kaydedildi:
Detaylı Bibliyografya
Asıl Yazarlar: Carmona de los Santos, María (Yazar), Desantes Fernández, Blanca (Yazar), Alonso-Muñoyerro, Belén de Alfonso (Yazar)
Kurumsal yazarlar: Ministerio de Educación, Cultura y Deporte (Yazar), Secretaría de Estado de Cultura (Yazar), Dirección General del Libro, Archivos y Bibliotecas (Yazar), Subdirección General de Archivos Estatales (Yazar), Escuela Iberoamericana de Archivos (Yazar)
Materyal Türü: Kitap
Dil:İspanyolca
Baskı/Yayın Bilgisi: Madrid Secretaría General Técnica 2002
Madrid Subdirección General de Información y Publicaciones 2002
Madrid Closas-Orcoyen, S. L 2002
Edisyon:1a. ed
Seri Bilgileri:Experiencias y Materiales, 2
Konular:
Online Erişim:portada
Etiketler: Etiketle
Etiket eklenmemiş, İlk siz ekleyin!

MARC

LEADER 00000nam a2200000 a 4500
001 UCJ8843
003 CL-VaPUC
008 070124e20020528sp |||||||||||||||||spa|d
020 |a 8436933052 
082 0 4 |a 025  |b CAR  |2 21 
100 0 |a Carmona de los Santos, María  |e author  |9 518276 
700 0 |a Desantes Fernández, Blanca  |e author  |9 518277 
700 0 |a Alonso-Muñoyerro, Belén de Alfonso  |e author  |9 518278 
110 2 |a Ministerio de Educación, Cultura y Deporte  |e author  |9 518279 
710 2 |a Secretaría de Estado de Cultura  |e author  |9 518280 
710 2 |a Dirección General del Libro, Archivos y Bibliotecas  |e author  |9 518281 
710 2 |a Subdirección General de Archivos Estatales  |e author  |9 518282 
710 2 |a Escuela Iberoamericana de Archivos  |e author  |9 518283 
245 1 0 |a Sellos, Fotografías y Documentación notarial 
250 |a 1a. ed 
300 |a 63 p 
942 |c BK 
945 |d 20070124 00:00:00  |a fvergara 
260 |a Madrid  |b Secretaría General Técnica  |c 2002 
260 |a Madrid  |b Subdirección General de Información y Publicaciones  |c 2002 
260 |a Madrid  |b Closas-Orcoyen, S. L  |c 2002 
500 |a La publicación de esta serie Experiencias y Materiales, comenzada el año 1999, ha supuesto un importante avance en la colaboración archivística e intercambio de experiencias con los diferentes países latinoamericanos, al reunir las aportaciones de diferentes profesionales que han participado en los proyectos de formación organizados por el Minsterio de Educación, Cultura y Deporte 
600 0 7 |a LANZAS SANCHEZ DEL CORRAL, FERNANDO LUIS DE  |2 CL-VaPUC  |9 518284 
650 0 |a Archivística  |9 490081 
856 7 |f UCJ8843_01.jpg  |u http://opac.pucv.cl/pucv_img/Img-8500/UCJ8843_01.jpg  |q JEPG  |2 file  |z portada 
583 |a last modification  |c 20171213 12:22:07  |k Rodrigo Vera 
490 0 |a Experiencias y Materiales, 2 
999 |c 324492  |d 324490 
952 |0 0  |1 0  |4 0  |6 025_000000000000000_CAR_2002_2002_2002  |7 0  |8 X  |9 404714  |a FDOBUD  |b FDOBUD  |d 2019-11-22  |i 108481K  |o 025 CAR 2002 2002 2002  |p 108481K  |r 2019-11-22  |w 2019-11-22  |y BK_X  |k BUD